000 00730nam a22002417a 4500
999 _c12758
_d12758
003 AR-CdUCM
008 190410b ||||| |||| 00| 0 SPA d
040 _aMUNICIPALIDAD PROVINCIAL DEL CUSCO
_cBIBLIOTECA MUNICIPAL DEL CUSCO
041 _hfre
082 _a848.9 /
_bSA16
100 _aSaint-Exupéry, Antoine de,
_914004
245 _aCiudadela /
260 _aArgentina :
_bGoncourt,
_c1966.
300 _a471 paginas ;
_c20 cm.
500 _aTitulo original : Citadelle
505 _aContenido : Novela
650 _aNovela Francesa
_910657
650 _aNovelas de profesinales
_930801
650 _aSiglo XX
_98
700 _aHellen, Ferro (Traductor)
_930802
942 _2ddc
_cLIBROS
945 _awnts
_d2019-04-10